| 000 | 00486nam a2200181Ia 4500 | ||
|---|---|---|---|
| 999 |
_c29911 _d29911 |
||
| 003 | OSt | ||
| 005 | 20201112130800.0 | ||
| 008 | 190216s9999||||xx |||||||||||||| ||und|| | ||
| 020 | _a9788122609455 | ||
| 040 | _coclc | ||
| 082 |
_a894.8123 _bJOS/M |
||
| 100 |
_a Joseph, Sarah _95650 |
||
| 245 | 0 |
_aMattathi / _cSara Joseph |
|
| 260 |
_bDc Books, _c2012. _aKottayam: |
||
| 300 | _a216p | ||
| 650 | _aNovel | ||
| 942 |
_cBK _2ddc _h894.8123 _iJOS/M _k894.8123 _mJOS/M |
||